Загрузка...

Social security in a developing world context /

Библиографические подробности
Главный автор: Vijaya Kumar,, S.
Другие авторы: Fritzen,, Scott
Формат: Printed Book
Опубликовано: New Delhi: Serials, 2004.
Предметы:
LEADER 00545cam a2200169ua 4500
008 100706t2004||||||||||| 00 ||||| c
082 |a 331.2  |b VIJ/S 
100 |a Vijaya Kumar,, S. 
245 1 0 |a Social security in a developing world context /  
260 |a New Delhi:  |b Serials,  |c 2004. 
300 |a 350p.. 
362 1 |a 2004. 
650 0 |a Economic development 
700 0 2 |a Fritzen,, Scott 
942 |c BK 
999 |c 22618  |d 22618 
952 |0 0  |1 0  |4 0  |6 331_200000000000000_VIJ  |7 0  |9 23988  |a KUCL  |b KUCL  |d 2014-05-23  |l 0  |o 331.2 VIJ/  |p 23112  |r 2014-05-23  |w 2014-05-23  |y BK